Statistiken für Europäische Nationalhymnen

Klicken Sie hier um das Quiz zu spielen!

Allgemein

  • Dieses Quiz wurde 77 mal gespielt
  • Das Durchschnittsergebnis liegt bei 34 aus 42

Antwortstatistiken

HintAntwort% Korrekt
Lied der Deutschen, Deutsche NationalhymneDeutschland
97%
finnisch Maamme schwedisch Vårt landFinnland
92%
Österreichische BundeshymneÖsterreich
92%
MarseillaiseFrankreich
90%
SchweizerpsalmSchweiz
90%
God Save the KingVereinigtes Königreich
90%
Het WilhelmusNiederlande
89%
Du gamla, Du friaSchweden
89%
BrabançonneBelgien
87%
Ja, vi elsker dette landetNorwegen
87%
A PortuguesaPortugal
87%
My BelarusyBelarus
86%
Der er et yndigt landDänemark
86%
Marcha RealSpanien
86%
Schtsche ne wmerla UkrajinyUkraine
85%
HimnuszUngarn
85%
Dievs, svētī LatvijuLettland
82%
Oben am jungen RheinLiechtenstein
82%
Hymne MonégasqueMonaco
82%
Amhrán na bhFiannIsland
80%
Ons HeemechtLuxemburg
80%
Nad Tatrou sa blýskaSlowakei
80%
Himni i FlamuritAlbanien
79%
El Gran CarlemanyAndorra
79%
Denes nad MakedonijaNordmazedonien
79%
Deșteaptă-te, române!Rumänien
79%
Tautiška giesmėLitauen
77%
L-Innu MaltiMalta
77%
Mazurek DąbrowskiegoPolen
77%
Gimn Rossijskoi FederaziiRussland
77%
Mila RodinoBulgarien
76%
Mu isamaa, mu õnn ja rõõmEstland
76%
Lijepa naša domovinoKroatien
76%
Bože PravdeSerbien
76%
ZdravljicaSlowenien
76%
Inno e Marcia PontificaleVatikanstadt
76%
Ymnos is tin EleftherianGriechenland
75%
LofsöngurIrland
73%
Inno Nazionale della RepubblicaSan Marino
73%
IntermecoBosnien und Herzegowina
72%
Oj svijetla majska zoroMontenegro
72%
EvropaKosovo
65%

Verteilung der Resultate

Perzentil nach korrekt beantworteten Fragen

Anzahl Personen mit jedem Resultat

Ihre Resultats-Entwicklung

Sie haben dieses Quiz noch nicht gespielt